Fr. Conceicao Rodrigues College of Engineering

A & P.M.- Airframe Handbook (Record no. 21015)

MARC details
000 -LEADER
fixed length control field 00346nam a2200145Ia 4500
082 ## - DEWEY DECIMAL CLASSIFICATION NUMBER
Classification number 629.1
Item number F.A.A
100 ## - MAIN ENTRY--PERSONAL NAME
Personal name Federal Aviation Administration
245 ## - TITLE STATEMENT
Title A & P.M.- Airframe Handbook
260 ## - PUBLICATION, DISTRIBUTION, ETC.
Name of publisher, distributor, etc. Superintendent of Documents
Place of publication, distribution, etc. Washington
Date of publication, distribution, etc. 1972
300 ## - PHYSICAL DESCRIPTION
Extent 538
546 ## - LANGUAGE NOTE
Language note ENGLISH
654 ## - SUBJECT ADDED ENTRY--FACETED TOPICAL TERMS
Focus term Handbook
942 ## - ADDED ENTRY ELEMENTS (KOHA)
Koha item type BOOK
Holdings
Withdrawn status Lost status Damaged status Not for loan Collection Home library Current library Date acquired Total Checkouts Full call number Barcode Date last seen Price effective from Koha item type
        AFT Fr. Agnel's C.Rodrigues College of Engineering Fr. Agnel's C.Rodrigues College of Engineering 17/03/2023   629.1 F.A.A AFT1508 17/03/2023 17/03/2023 BOOK